Making Minority Government Work: Hung Parliaments And The Challenges ( EBook) (Record no. 3088)

MARC details
000 -LEADER
fixed length control field 00543nam a2200169Ia 4500
008 - FIXED-LENGTH DATA ELEMENTS--GENERAL INFORMATION
fixed length control field 240429s9999||||xx |||||||||||||| ||und||
020 ## - INTERNATIONAL STANDARD BOOK NUMBER
International Standard Book Number 978-0-9561197-3-5
041 ## - LANGUAGE CODE
Language code of text/sound track or separate title eng
082 ## - DEWEY DECIMAL CLASSIFICATION NUMBER
Classification number 324.941H
100 ## - MAIN ENTRY--PERSONAL NAME
Personal name Prof Robert Hazell - Akash Paun
245 #0 - TITLE STATEMENT
Title Making Minority Government Work: Hung Parliaments And The Challenges ( EBook)
260 ## - PUBLICATION, DISTRIBUTION, ETC.
Date of publication, distribution, etc. 2009
300 ## - PHYSICAL DESCRIPTION
Extent 106p:tabs:pics:graph
650 ## - SUBJECT ADDED ENTRY--TOPICAL TERM
Topical term or geographic name entry element Hung parliaments -Westminster - Representative government and representation - Coalition governments
942 ## - ADDED ENTRY ELEMENTS (KOHA)
Koha item type E-resources & Electronic Documnets
Holdings
Withdrawn status Lost status Damaged status Not for loan Home library Current library Shelving location Date acquired Total checkouts Full call number Date last seen Copy number Price effective from Koha item type
        Main Library Main Library Open Shelves 30/05/2023   324.941H gga C1 29/04/2024 1 29/04/2024 E-resources & Electronic Documnets
©2026  Parliament of Ghana Library - All rights reserved